| 000 | 00489nam a22001697a 4500 | ||
|---|---|---|---|
| 005 | 20251108172137.0 | ||
| 008 | 250721s1986 xx 000 0 ara d | ||
| 082 | 1 | 4 | _a658.5/عاد |
| 100 | 1 | _aحسن، عادل | |
| 245 | 1 | 0 | _aمشاكل الإنتج الصناعي / |
| 264 | 1 |
_aبيروت : _bدار النهضة العربية، _c1986. |
|
| 300 | _a660ص | ||
| 650 | 1 | 7 | _aالإنتاج الصناعي |
| 650 | 1 | 7 | _aإدارة الإنتاج |
| 942 |
_2ddc _cBK |
||
| 999 |
_c71523 _d71523 |
||